00646 2200217 4500001002100000005001500021007000300036008003900039035002000078082002100098084002700119100003300146245009900179260004300278300002800321650001300349650001200362650001000374856002800384990001600412INLIS00000000000627020230118110521ta230118 | | |  a0010-0222000011 a635.64-152.632.2 a635.64-152.632.2 WID k1 aWIDARSIONO, Batari Melyapuri1 aKeragaman Genetik dan Heritabilitas Karakter Agronomi dan Kimiawi Pada 20 Genotipe Tomat Lokal aMalang :bUniversitas Brawijaya,c2021 a59p. :bilus ;c29,5 cm 4aAgronomi 4aGenetik 4aTomat aPerpustakaan BPTP Jatim a00000000895